Miguel Hernández (Record no. 179533)

MARC details
000 -LEADER
campo de control de longitud fija 01140nam a2200289 i 4500
001 - NÚMERO DE CONTROL
campo de control 179533
003 - IDENTIFICADOR DE NÚMERO DE CONTROL
campo de control ES-MaACL
005 - FECHA Y HORA DE LA ÚLTIMA TRANSACCIÓN
campo de control 20251009164407.0
008 - DATOS DE LONGITUD FIJA--INFORMACIÓN GENERAL
campo de control de longitud fija 111221s2010 sp a |||| |dspa d
020 ## - NÚMERO INTERNACIONAL ESTÁNDAR DEL LIBRO
Número Internacional Estándar del Libro 978-84-92904-10-5
080 ## - NÚMERO DE LA CLASIFICACIÓN DECIMAL UNIVERSAL
Número de la Clasificación Decimal Universal 821.134.2 Hernández, Miguel 1.07
100 1# - ENTRADA PRINCIPAL--NOMBRE DE PERSONA
Nombre de persona Becerra Mayor, David (
Fechas asociadas al nombre 1984-)
9 (RLIN) 148774
245 10 - MENCIÓN DEL TÍTULO
Título Miguel Hernández
Resto del título : la voz de la herida /
Mención de responsabilidad, etc. David Becerra Mayor, Antonio J. Antón Fernández.
250 ## - MENCION DE EDICION
Mención de edición 1ª ed.
260 ## - PUBLICACIÓN, DISTRIBUCIÓN, ETC.
Lugar de publicación, distribución, etc. Córdoba :
Nombre del editor, distribuidor, etc. El Páramo,
Fecha de publicación, distribución, etc. 2010.
300 ## - DESCRIPCIÓN FÍSICA
Extensión 202 p. :
Otras características físicas il. ;
Dimensiones 21 cm.
490 1# - MENCIÓN DE SERIE
Mención de serie Comprometidos
504 ## - NOTA DE BIBLIOGRAFÍA, ETC.
Nota de bibliografía, etc. Bibliografía: p. 173-178.
600 14 - PUNTO DE ACCESO ADICIONAL DE MATERIA--NOMBRE DE PERSONA
Nombre de persona Hernández, Miguel,
Fechas asociadas al nombre 1910-1942-
Subdivisión general Crítica e interpretación
9 (RLIN) 62846
700 1# - ENTRADA AGREGADA--NOMBRE PERSONAL
Nombre de persona Antón Fernández, Antonio J.,
Fechas asociadas al nombre 1982-
9 (RLIN) 148775
830 0# - PUNTO DE ACCESO ADICIONAL DE SERIE-TÍTULO UNIFORME
Título uniforme Comprometidos
9 (RLIN) 193484
852 ## - LOCALIZACIÓN
Ubicación ES-MaACL
Número de control de estantería A-11755
itemnumber 186430
Sublocalización o colección R.146644
Ubicación en estantería Depósito 1
Signatura antigua Olim: N-4760
Encuadernación Donación: David Becerra Mayor y Antonio J. Antón Fernández
903 ## - NOMBRE PERSONAL DE DONANTE
a Antón Fernández, Antonio J.,
d 1982-
e Donante
9 148775
903 ## - NOMBRE PERSONAL DE DONANTE
9 148774
a Becerra Mayor, David (
d 1984-)
e Donante
942 ## - ELEMENTOS DE ENTRADA SECUNDARIOS (KOHA)
Fuente del sistema de clasificación o colocación Clasificación decimal universal
Tipo de ítem Koha Libro impreso
Holdings
Estatus retirado Estado de pérdida Fuente del sistema de clasificación o colocación Estado de daño No para préstamo Biblioteca de origen Biblioteca actual Ubicación en estantería Fecha de adquisición Fuente de adquisición Total de préstamos Signatura topográfica completa Código de barras Visto por última vez Precio de reemplazo Tipo de ítem Koha
    Clasificación decimal universal     Biblioteca del Ateneo de Madrid Biblioteca del Ateneo de Madrid Depósito 1 21/12/2011 Donación   A-11755 1188605 23/02/2023 23/02/2023 Libro impreso